Alle landen waar een L in zit. - Statistieken

Algemene statistieken
  • Deze quiz is 106 keer genomen
  • De gemiddelde score is 44 van 67
Antwoordstatistieken
Antwoord % Correct
Litouwen
91%
Nederland
91%
Letland
88%
Libië
85%
Portugal
85%
Estland
82%
Griekenland
82%
Rusland
82%
Australië
79%
België
79%
Finland
79%
Thailand
79%
Zwitserland
79%
Albanië
76%
Brazilië
76%
Ierland
76%
Libanon
76%
Liechtenstein
76%
Mali
76%
Nieuw-Zeeland
76%
Algerije
74%
Chili
74%
Duitsland
74%
IJsland
74%
Luxemburg
74%
Slovenië
74%
Angola
71%
Italië
71%
Lesotho
71%
Nepal
71%
Wit-Rusland
71%
Bangladesh
68%
Bolivia
68%
Colombia
68%
Laos
68%
Liberia
68%
Malta
68%
Moldavië
68%
Mongolië
68%
Slowakije
68%
Venezuela
68%
Belize
65%
Bulgarije
65%
Centraal-Afrikaanse Republiek
62%
Filipijnen
62%
Marshalleilanden
62%
Polen
62%
Somalië
62%
Sri Lanka
62%
El Salvador
59%
Congo-Brazzaville
56%
Saint Lucia
56%
Seychellen
56%
Sierra Leone
56%
Guatemala
53%
Israël
53%
Malawi
53%
Maleisië
53%
Malediven
50%
Senegal
50%
Tuvalu
50%
Palau
47%
Salomonseilanden
41%
Dominicaanse Republiek
35%
Equatoriaal-Guinea
35%
Swaziland
18%
Palestina
6%
Geen overeenkomende quizzen gevonden
Scoreverdeling
Procent van Mensen met Elke Score
Percentiel versus Aantal Correcte Antwoorden
Uw Scoregeschiedenis
U heeft deze quiz nog niet genomen